Exploratory and exploratory statistical analysis of spatial data edited by Cornelis P A Bartals and Ronald H Ketellapper (Record no. 255289)

MARC details
000 -LEADER
fixed length control field 00833nam a2200253Ia 4500
003 - CONTROL NUMBER IDENTIFIER
control field OSt
005 - DATE AND TIME OF LATEST TRANSACTION
control field 20220918213328.0
008 - FIXED-LENGTH DATA ELEMENTS--GENERAL INFORMATION
fixed length control field 220917b |||||||| |||| 00| 0 eng d
037 ## - SOURCE OF ACQUISITION
Terms of availability Textual
040 ## - CATALOGING SOURCE
Original cataloging agency ARTS
Transcribing agency ARTS
Language of cataloging eng
041 ## - LANGUAGE CODE
Source of code eng
Language code of text/sound track or separate title eng
100 ## - MAIN ENTRY--PERSONAL NAME
Personal name Bartels Cornelis P A ed
9 (RLIN) 126498
245 #0 - TITLE STATEMENT
Title Exploratory and exploratory statistical analysis of spatial data edited by Cornelis P A Bartals and Ronald H Ketellapper
260 ## - PUBLICATION, DISTRIBUTION, ETC.
Place of publication, distribution, etc. Boston
Name of publisher, distributor, etc. Martinus Nijholf Pub
Date of publication, distribution, etc. 1979
300 ## - PHYSICAL DESCRIPTION
Extent x8ii,268p.
Dimensions cm.
650 ## - SUBJECT ADDED ENTRY--TOPICAL TERM
Topical term or geographic name entry element ECONOMICS
700 ## - ADDED ENTRY--PERSONAL NAME
Personal name Ketellapper Ronald H ed
9 (RLIN) 126499
942 ## - ADDED ENTRY ELEMENTS (KOHA)
Classification part X:89K33.1(B28), L9
Koha item type Textual
Source of classification or shelving scheme Colon Classification (CC)
Holdings
Withdrawn status Lost status Damaged status Not for loan Home library Current library Date acquired Total Checkouts Full call number Barcode Date last seen Price effective from Koha item type
        Arts Library Arts Library 2022-09-18   X:89K33.1(B28) L9 AL0705932 2022-09-18 2022-09-18 Textual
Copyright @ Delhi University Library System